| 000 | 00698nam a22002177a 4500 | ||
|---|---|---|---|
| 999 |
_c10453 _d10453 |
||
| 003 | AR-CdUCM | ||
| 008 | 190401b ||||| |||| 00| 0 spa d | ||
| 040 |
_aMUNICIPALIDAD PROVINCIAL DEL CUSCO _cBIBLIOTECA MUNICIPAL DEL CUSCO |
||
| 082 |
_26ed. _aES / 800 / _bSA18 |
||
| 100 |
_aSalustio, Julio Cesar _927319 |
||
| 245 | _aLos Tiempos de César / | ||
| 260 |
_aBarcelona : _bMateu ; _c1961. |
||
| 300 |
_a250 páginas ; _bIlustraciones _c19cm |
||
| 440 |
_aColección Clásicos Cadete _n10 _927320 |
||
| 505 | _aContenido: Novela | ||
| 650 |
_aNovela _95 |
||
| 650 |
_aLiteratura juvenil _91580 |
||
| 700 |
_aBallester Escalas, R. (traducción) _915483 |
||
| 942 |
_2ddc _cLIBROS |
||
| 945 | _anom | ||